Grandes ilusiones: de Eisenstein a la neo-comedia romántica

Saved in:
Bibliografiske detaljer
Hovedforfatter: León Frías, Isaac (Author)
Format: Bog
Sprog:spansk
Udgivet: Santiago Uqbar 2008
Serier:Cine Universal
Fag:
Tags: Tilføj Tag
Ingen Tags, Vær først til at tagge denne postø!

MARC

LEADER 00000cam a2200000 a 4500
001 UCG1603
003 CL-VaPUC
008 100513e20080000CL |||||||||||||||||spa|d
020 |a 9789568601225 
082 0 4 |a 791.43  |b LEO  |2 21 
100 0 |a León Frías, Isaac  |e author  |9 549579 
245 1 0 |a Grandes ilusiones: de Eisenstein a la neo-comedia romántica 
300 |a 201 p 
942 |c BK 
945 |d 20100513 00:00:00  |a rbrito 
260 |a Santiago  |b Uqbar  |c 2008 
650 0 |a Historia del cine  |9 265166 
650 0 |a Cine  |9 225706 
650 0 |a Cinematografía  |9 265198 
650 7 |a PRODUCTORES DE CINE  |2 CL-VaPUC  |9 358580 
650 0 |a Crítica de cine   |9 267411 
583 |a last modification  |c 20150626 12:40:44  |k Rodrigo Vera 
490 0 |a Cine Universal 
999 |c 340927  |d 340925 
952 |0 0  |1 0  |4 0  |6 791_430000000000000_LEO_2008  |7 0  |8 A  |9 436079  |a BIBHIS  |b BIBHIS  |d 2019-11-22  |i 467328K  |l 1  |m 1  |o 791.43 LEO 2008  |p 467328K  |q 2025-07-11  |r 2025-04-21  |s 2025-04-21  |w 2019-11-22  |y BK  |k HIS 
952 |0 0  |1 0  |2 ddc  |3 erb  |4 0  |6 791_430000000000000_LEO_2008  |7 0  |8 A  |9 436080  |a BIBART  |b BIBART  |i 5164702  |o 791.43 LEO 2008  |p 5164702  |r 2025-03-13  |w 2019-11-22  |y BK  |z Catalogado en:20150626  |k SRS